000 00664nam a22001817a 4500
999 _c121348
_d121348
005 20210213103557.0
008 210213b ||||| |||| 00| 0 eng d
020 _a9789696621607
040 _cPK-LaUMT
082 _a158.1
_bABU-G
100 _aAbu Bakar = ابو بکر ظہور
245 _aGuru = گرو :
_bQasim Ali nShah ke sath ilmi wa rohani safar ki dastan = قاسم علی شاہ کے ساتھ علمی و روحانی سفر کی داستان /
_cby Abu Bakar = ابو بکر ظہور
260 _aJehlam :
_bBook Corner,
_c2018
300 _a144 p.
650 _aPersonal improvement-Applied psychology
650 _aSelf esteem
942 _cBK